British Coal Corporation v Netherlee Trust Trustees (Record no. 25861)

MARC details
000 -LEADER
fixed length control field 01138cab a2200229 4500
001 - CONTROL NUMBER
control field E2637
008 - FIXED-LENGTH DATA ELEMENTS--GENERAL INFORMATION
fixed length control field 090401t1995 xxu||||| |||| 00| 0 eng d
035 ## - SYSTEM CONTROL NUMBER
System control number (Sirsi) u40358
041 ## - LANGUAGE CODE
Language code of text/sound track or separate title eng
245 ## - TITLE STATEMENT
Title British Coal Corporation v Netherlee Trust Trustees
260 ## - PUBLICATION, DISTRIBUTION, ETC.
Date of publication, distribution, etc. 1995
350 ## - PRICE (NR) (BK AM CF MU VM SE) [OBSOLETE]
Price 0
490 ## - SERIES STATEMENT
Series statement Scots Law Times
Volume/sequential designation 1995 SLT 1038-1047(10)
520 ## - SUMMARY, ETC.
Summary, etc. Second Division. The Lord Justice Clerk (Ross), Lords Murray and Morison. 3 February 1995. Mines and minerals - subsidence damage - land - material in infilled shaft - whether subsidence of infill material withdrawal of support from land - Coal Mining Subsidence Act 1991(c45), ss1(1) and 2(1). Mines and minerals - subsidence damage - shaft sunk for ironstone mining subsequently used in connection with coal mining operations - whether subsidence withdrawal of support in connection with coal mining operations - Coal Mining Subsidence Act 1991 (c45), ss1(1) and 2(1).
650 ## - SUBJECT ADDED ENTRY--TOPICAL TERM
Topical term or geographic name entry element COAL MINING SUBSIDENCE ACT 1991
650 ## - SUBJECT ADDED ENTRY--TOPICAL TERM
Topical term or geographic name entry element INFILL
650 ## - SUBJECT ADDED ENTRY--TOPICAL TERM
Topical term or geographic name entry element MINING
650 ## - SUBJECT ADDED ENTRY--TOPICAL TERM
Topical term or geographic name entry element SUBSIDENCE
690 ## - LOCAL SUBJECT ADDED ENTRY--TOPICAL TERM (OCLC, RLIN)
Topical term or geographic name as entry element MINING AND MINERALS-CASE LAW
942 ## - ADDED ENTRY ELEMENTS (KOHA)
Suppress in OPAC 0
948 ## - LOCAL PROCESSING INFORMATION (OCLC); SERIES PART DESIGNATOR (RLIN)
c (OCLC) 04/03/1997
Holdings
Withdrawn status Lost status Source of classification or shelving scheme Damaged status Not for loan Home library Current library Shelving location Date acquired Total Checkouts Full call number Barcode Date last seen Copy number Price effective from Koha item type
    Dewey Decimal Classification     London London Journal article 14/09/1999   E2637 40358-1001 06/08/2019 1 06/08/2019 Law report